Julio cesar /

Guardado en:
Autor Principal: Oppermann, Hans
Formato: Libro
Publicado: Barcelona : Salvat, 1984
Series:Bibliotecas Grandes Biografías ; No. 24
Materias:
Etiquetas: Agregar Etiqueta
Sin Etiquetas, Sea el primero en etiquetar este registro!
LEADER 00495nam a22001815a 4500
001 CEM.cems004757
005 20060217000000.0
008 130507s1984##################000#0#####d
003 CEMS
082 0 4 |a 923 
100 1 |a Oppermann, Hans 
245 1 0 |a Julio cesar / 
260 |a Barcelona :  |b Salvat,  |c 1984 
300 |a 221 p. 
490 0 |a Bibliotecas Grandes Biografías ; No. 24 
653 |a Biografias 
653 |a Julio cesar-biograf. 
859 |a CEMS  |b BIB. CEMS - 11 de abril  |h 923  |i J945  |p 15901.90  |t Ej.1